Geology and ground-water resources of the Lowar Marias Irrigation Project Montana : with a section on chemical quality of the ground water /

Hlavní autor: Swenson, Frank A. 1912-2002
Další autoři: Swenson, Herbert A. 1911-
Jazyk: Angličtina
Vydáno: Washington : US Government Printing Office, 1957
Edice: Geological Survey water-supply paper
Témata:
Fyzický popis: S. 4, 41-98 + 3 příl.
Knihy
Uloženo v:
LEADER 01372nam a22003372a 4500
001 001665340
003 CZ BrMZK
005 20231005064911.0
007 ta
008 190124s1957 xxu er|||||||||||eng d
040 |a ABA001  |b cze  |c ABA001  |d ABA001  |d BOA001 
043 |a n-us-mt 
072 7 |a 556  |x Hydrologie  |2 Konspekt  |9 7 
080 |a 556.3  |2 MRF 
080 |a (738.6)  |2 MRF 
080 |a (041)  |2 MRF 
100 1 |a Swenson, Frank A.  |q (Frank Albert),  |d 1912-2002  |7 mzk20201096598  |4 aut 
245 1 0 |a Geology and ground-water resources of the Lowar Marias Irrigation Project Montana :  |b with a section on chemical quality of the ground water /  |c Frank A. Swenson, Herbert A. Swenson 
260 |a Washington :  |b US Government Printing Office,  |c 1957 
300 |a S. 4, 41-98 +  |e 3 příl. 
490 1 |a Geological Survey water-supply paper ;  |v 1460-B 
650 0 7 |a geologie  |7 ph114622  |z Spojené státy americké  |2 czenas 
650 0 7 |a podzemní vody  |7 ph115768  |z Spojené státy americké  |2 czenas 
651 7 |a Montana  |7 ge134373  |2 czenas 
655 7 |a brožury  |7 fd131925  |2 czenas 
700 1 |a Swenson, Herbert A.  |q (Herbert Alfred),  |d 1911-  |7 mzk20201096597  |4 aut 
830 0 |a Geological Survey water-supply paper 
910 |a BOA001  |b X-0420.104 
990 |a BK 
991 |b 201901 
996 7 |b 2618970958  |c X-0420.104  |l MZK  |r Sklad / do 24 hodin  |n 0  |w 001704516  |u 000010  |a 1  |e BOA001  |j MZK50  |s A